00254nam a22001097a 4500020001700000082001200017100002300029245002900052260003200081300001000113650002100123 a978002827897 a530 MCL aMclaughlin,Charles aGlencoe physical science aNew yorkbMc Graw Hilc1997 a806 P aphysical science